Cursos de prehistoria y arqueología en Ampurias / con la colaboración de las Excmas. Diputaciones Provinciales de Barcelona y Gerona, el Instituto de Estudios Gerundenses (CSIC) y la Universidad de Barcelona : 25 agosto - 15 septiembre 25 agosto - 15 septiembre
Descripción Física:
12 p. ; 19 cm
MARC
| LEADER | 00000nam a2200000Ia 4500 | ||
|---|---|---|---|
| 001 | 18502 | ||
| 003 | BGR | ||
| 005 | 20260324180157.0 | ||
| 008 | 160829s9999 xx 000 0 cat d | ||
| 080 | |a FU-51-10 | ||
| 110 | 2 | |a Consejo Superior de Investigaciones Científicas (CSIC) (Espanya) |9 53988 |b Estación de Estudios Pirenaicos | |
| 245 | |a Cursos de prehistoria y arqueología en Ampurias / con la colaboración de las Excmas. Diputaciones Provinciales de Barcelona y Gerona, el Instituto de Estudios Gerundenses (CSIC) y la Universidad de Barcelona : |b 25 agosto - 15 septiembre | ||
| 260 | |a Zaragoza : |b Imprenta y fotograbado Heraldo de Aragón, [194- ?] | ||
| 300 | |a 12 p. ; |c 19 cm | ||
| 590 | |a Prové de S-441 i de S-317, exp. 3. | ||
| 590 | |a Hi ha un duplicat a: DUP-73-3 | ||
| 650 | 0 | |a Arqueologia |z Catalunya |9 34340 | |
| 650 | |a Prehistòria |x Empúries |9 48589 | ||
| 710 | 2 | |a Universitat de Barcelona |9 51297 | |
| 710 | 2 | |a Institut d'Estudis Gironins |9 71095 | |
| 710 | 1 | |a Girona (Catalunya : Província). |b Diputació |9 11479 | |
| 710 | 1 | |a Barcelona (Catalunya : Província). |b Diputació |9 52408 | |
| 901 | |a Arxiu | ||
| 942 | |n 1 |2 udc |c MON | ||
| 952 | |0 0 |1 0 |4 0 |6 FU5110 |7 1 |9 54676 |a Arxiu |b Arxiu |d 2016-12-01 |l 0 |o FU-51-10 |p 18502 |r 2016-12-01 00:00:00 |w 2016-12-01 |y ARXIU | ||
| 999 | |c 58545 |d 58545 | ||